Responses for Show #7564 - Thursday, June 29, 2017

Contestants

[<< previous game]

Megan Williams, a chief of operations from Brooklyn, New York

Clint Thompson, a project manager from Putnam, Connecticut

Nathan Flynn, an English teacher from Royal Oak, Michigan (whose 1-day cash winnings total $18,001)

[next game >>]

Jeopardy! Round responses

INVERTEBRATES
"N" THE MAP
SPORTS
ADD A LETTER
LYRE, LYRE
PANTS ON FIRE
    $200 23
(Clint: What's a hydra jellyfish?)

Medusa

ClintMegan
    $200 18
Newark

Nathan
    $200 2
the Atlanta Falcons

Clint
    $200 1
(Clint: What's a debut?)
(Alex: I need two responses.)
(Clint: I'm sorry. What's [*]?)

a debt and debut

Clint
    $200 7
King David

Triple Stumper
    $200 12
hot pants

Clint
    $400 24
feet

Megan
    $400 19
the Nile

Megan
    $400 3
Mulligan

Triple Stumper
    $400 8
cuspid and Cupid

Megan
    $400 17
(Megan: Who is Orpheus?)

Apollo

NathanMegan
    $400 13
bell-bottoms

Clint
    $600 25
the gizzard

Megan
    $600 20
Nassau

Clint
    $600 4
Ronda Rousey

Nathan
    $1,000 9
olé and mole

Megan
    $600 28
Orpheus

Nathan
    $600 14
acid

Nathan
    $800 26
a clownfish

Clint
    $800 21
Normandy

Megan
    $800 5
Andy Roddick

Clint
    $800 10
depot and despot

Megan
    $800 29
the Muses

Megan
    $800 15
Juicy

Clint
    $1000 27
(Megan: What is a squid?)

the snail

Megan
Triple Stumper
    $1000 22
the Narragansett

Nathan
    $1000 6
a screwball

Nathan
    $1000 11
collage and collagen

Nathan
    $1000 30
Ur

Clint
    $1000 16
pedal pushers

Megan

Scores at the first commercial break (after clue 15):

Nathan Clint Megan
$3,200 $2,600 $2,200

Scores at the end of the Jeopardy! Round:

Nathan Clint Megan
$5,400 $4,800 $5,000

Double Jeopardy! Round responses

AT THE OPERA
WOODY
WORLD HISTORY
BRING YOUR "EI" GAME
(Alex: Each response will contain the letters "E-I" but are pronounced "AY.")
ECONOMICS
FREQUENTLY BANNED BOOKS
(Alex: From a list of frequently challenged books put together by the American Library Association.)
    $400 19
The Magic Flute

Nathan
    $400 6
(Alex: 17 nominations.)

Woody Allen

Nathan
    $400 5
Hannibal

Clint
    $400 27
vein

Nathan
    $400 21
regressive

Nathan
    $400 14
Friday Night Lights

Nathan
    $800 23
The Bartered Bride

Triple Stumper
    $800 15
Woody Guthrie

Clint
    $800 4
the Geneva Convention

Clint
    $800 20
a neigh

Nathan
    $800 22
(Nathan: What's gold?)
(Megan: What is silver?)

paper currency

NathanMegan
Triple Stumper
    $800 10
[ERRATUM: The author's name is Stephen, not Steven.]

The Perks of Being a Wallflower

Nathan
    $1200 24
Carmen

Clint
    $1200 16
(Alex: On Cheers.)

Woody Harrelson

Megan
    $1,800 1
the Cultural Revolution

Clint
    $1200 11
aweigh anchor

Clint
    $1200 28
(Megan: What is free market?)

free trade

Megan
Triple Stumper
    $1200 7
Captain Underpants

Nathan
    $1600 25
Rimsky-Korsakov

Clint
    $1600 17
Woody Herman

Triple Stumper
    $1600 2
the Lighthouse at Alexandria

Clint
    $1600 12
beige

Clint
    $5 29
(Nathan: Overtime? What is overtime?)

inflation

Nathan
    $1600 8
Bridge to Terabithia

Nathan
    $2000 26
La traviata

Triple Stumper
    $2000 18
ESPN

Clint
    $2000 3
Sevastopol

Triple Stumper
    $2000 13
a freighter

Clint
    $2000 30
John Maynard Keynes

Triple Stumper
    $2000 9
The Bluest Eye

Megan

Scores at the end of the Double Jeopardy! Round:

Nathan Clint Megan
$10,995 $19,800 $6,200

[wagering suggestions for these scores]

Final Jeopardy! Round responses

NATIONS OF THE WORLD
MeganWhat is Chile
$6,200
NathanWhat is Chile?
$6,615
ClintWhat is Chile?
$2,200
Chile

Final scores:

Nathan Clint Megan
$17,610 $22,000 $12,400
2nd place: $2,000 New champion: $22,000 3rd place: $1,000

Game dynamics:

Coryat scores:

Nathan Clint Megan
$11,000 $19,200 $5,800
17 R,
2 W
(including 1 DD)
20 R
(including 1 DD),
1 W
12 R
(including 1 DD),
4 W

Combined Coryat: $36,000

[game clues] [game scores] [suggest correction]

Game tape date: Unknown
The J! Archive is created by fans, for fans. Scraping, republication, monetization, and malicious use prohibited; this site may use cookies and collect identifying information. See terms. The Jeopardy! game show and all elements thereof, including but not limited to copyright and trademark thereto, are the property of Jeopardy Productions, Inc. and are protected under law. This website is not affiliated with, sponsored by, or operated by Jeopardy Productions, Inc. Join the discussion at JBoard.tv.